<?xml version="1.0" encoding="UTF-8"?>
<record
    xmlns:xsi="http://www.w3.org/2001/XMLSchema-instance"
    xsi:schemaLocation="http://www.loc.gov/MARC21/slim http://www.loc.gov/standards/marcxml/schema/MARC21slim.xsd"
    xmlns="http://www.loc.gov/MARC21/slim">

  <leader>00381nam a22001457a 4500</leader>
  <controlfield tag="003">OSt</controlfield>
  <controlfield tag="005">20211122084615.0</controlfield>
  <controlfield tag="008">211122b        |||||||| |||| 00| 0 eng d</controlfield>
  <datafield tag="040" ind1=" " ind2=" ">
    <subfield code="a">100415168333</subfield>
    <subfield code="c">HU</subfield>
    <subfield code="d">DDC</subfield>
  </datafield>
  <datafield tag="082" ind1=" " ind2=" ">
    <subfield code="a">363.34929/DRO</subfield>
  </datafield>
  <datafield tag="245" ind1=" " ind2=" ">
    <subfield code="a">DROUGHT A GLOBAL ASSESSMENT  VOLUME I</subfield>
  </datafield>
  <datafield tag="260" ind1=" " ind2=" ">
    <subfield code="a">LONDON</subfield>
    <subfield code="b">ROUTLEDGE</subfield>
    <subfield code="c">2000</subfield>
  </datafield>
  <datafield tag="300" ind1=" " ind2=" ">
    <subfield code="a">xxvi 396P 25cm</subfield>
    <subfield code="b">ill</subfield>
  </datafield>
  <datafield tag="942" ind1=" " ind2=" ">
    <subfield code="2">ddc</subfield>
    <subfield code="c">BOOKS</subfield>
    <subfield code="n">0</subfield>
  </datafield>
  <datafield tag="999" ind1=" " ind2=" ">
    <subfield code="c">19348</subfield>
    <subfield code="d">19348</subfield>
  </datafield>
  <datafield tag="952" ind1=" " ind2=" ">
    <subfield code="0">0</subfield>
    <subfield code="1">0</subfield>
    <subfield code="2">ddc</subfield>
    <subfield code="4">0</subfield>
    <subfield code="7">0</subfield>
    <subfield code="a">007</subfield>
    <subfield code="b">007</subfield>
    <subfield code="c">GEN</subfield>
    <subfield code="d">2021-11-22</subfield>
    <subfield code="l">0</subfield>
    <subfield code="o">363.34929/DRO</subfield>
    <subfield code="p">LGCLIB00005586</subfield>
    <subfield code="r">2021-11-22 00:00:00</subfield>
    <subfield code="t">C1</subfield>
    <subfield code="w">2021-11-22</subfield>
    <subfield code="y">BOOKS</subfield>
  </datafield>
  <datafield tag="952" ind1=" " ind2=" ">
    <subfield code="0">0</subfield>
    <subfield code="1">0</subfield>
    <subfield code="2">ddc</subfield>
    <subfield code="4">0</subfield>
    <subfield code="7">0</subfield>
    <subfield code="a">007</subfield>
    <subfield code="b">007</subfield>
    <subfield code="c">GEN</subfield>
    <subfield code="d">2021-11-22</subfield>
    <subfield code="l">0</subfield>
    <subfield code="o">363.34929/DRO</subfield>
    <subfield code="p">LGCLIB00005611</subfield>
    <subfield code="r">2021-11-22 00:00:00</subfield>
    <subfield code="t">C2</subfield>
    <subfield code="w">2021-11-22</subfield>
    <subfield code="y">BOOKS</subfield>
  </datafield>
  <datafield tag="952" ind1=" " ind2=" ">
    <subfield code="0">0</subfield>
    <subfield code="1">0</subfield>
    <subfield code="2">ddc</subfield>
    <subfield code="4">0</subfield>
    <subfield code="7">0</subfield>
    <subfield code="a">007</subfield>
    <subfield code="b">007</subfield>
    <subfield code="c">GEN</subfield>
    <subfield code="d">2021-11-22</subfield>
    <subfield code="l">0</subfield>
    <subfield code="o">363.34929/DRO</subfield>
    <subfield code="p">LGCLIB00005609</subfield>
    <subfield code="r">2021-11-22 00:00:00</subfield>
    <subfield code="t">C3</subfield>
    <subfield code="w">2021-11-22</subfield>
    <subfield code="y">BOOKS</subfield>
  </datafield>
  <datafield tag="952" ind1=" " ind2=" ">
    <subfield code="0">0</subfield>
    <subfield code="1">0</subfield>
    <subfield code="2">ddc</subfield>
    <subfield code="4">0</subfield>
    <subfield code="7">0</subfield>
    <subfield code="a">007</subfield>
    <subfield code="b">007</subfield>
    <subfield code="c">GEN</subfield>
    <subfield code="d">2021-11-22</subfield>
    <subfield code="l">0</subfield>
    <subfield code="o">363.34929/DRO</subfield>
    <subfield code="p">LGCLIB00005567</subfield>
    <subfield code="r">2021-11-22 00:00:00</subfield>
    <subfield code="t">C4</subfield>
    <subfield code="w">2021-11-22</subfield>
    <subfield code="y">BOOKS</subfield>
  </datafield>
  <datafield tag="952" ind1=" " ind2=" ">
    <subfield code="0">0</subfield>
    <subfield code="1">0</subfield>
    <subfield code="2">ddc</subfield>
    <subfield code="4">0</subfield>
    <subfield code="7">0</subfield>
    <subfield code="a">007</subfield>
    <subfield code="b">007</subfield>
    <subfield code="c">GEN</subfield>
    <subfield code="d">2021-11-22</subfield>
    <subfield code="l">0</subfield>
    <subfield code="o">363.34929/DRO</subfield>
    <subfield code="p">LGCLIB00005598</subfield>
    <subfield code="r">2021-11-22 00:00:00</subfield>
    <subfield code="t">C5</subfield>
    <subfield code="w">2021-11-22</subfield>
    <subfield code="y">BOOKS</subfield>
  </datafield>
  <datafield tag="952" ind1=" " ind2=" ">
    <subfield code="0">0</subfield>
    <subfield code="1">0</subfield>
    <subfield code="2">ddc</subfield>
    <subfield code="4">0</subfield>
    <subfield code="7">0</subfield>
    <subfield code="a">007</subfield>
    <subfield code="b">007</subfield>
    <subfield code="c">GEN</subfield>
    <subfield code="d">2021-11-22</subfield>
    <subfield code="l">0</subfield>
    <subfield code="o">363.34929/DRO</subfield>
    <subfield code="p">LGCLIB00005608</subfield>
    <subfield code="r">2021-11-22 00:00:00</subfield>
    <subfield code="t">C6</subfield>
    <subfield code="w">2021-11-22</subfield>
    <subfield code="y">BOOKS</subfield>
  </datafield>
  <datafield tag="952" ind1=" " ind2=" ">
    <subfield code="0">0</subfield>
    <subfield code="1">0</subfield>
    <subfield code="2">ddc</subfield>
    <subfield code="4">0</subfield>
    <subfield code="7">0</subfield>
    <subfield code="a">007</subfield>
    <subfield code="b">007</subfield>
    <subfield code="c">GEN</subfield>
    <subfield code="d">2021-11-22</subfield>
    <subfield code="l">0</subfield>
    <subfield code="o">363.34929/DRO</subfield>
    <subfield code="p">LGCLIB00005605</subfield>
    <subfield code="r">2021-11-22 00:00:00</subfield>
    <subfield code="t">C7</subfield>
    <subfield code="w">2021-11-22</subfield>
    <subfield code="y">BOOKS</subfield>
  </datafield>
  <datafield tag="952" ind1=" " ind2=" ">
    <subfield code="0">0</subfield>
    <subfield code="1">0</subfield>
    <subfield code="2">ddc</subfield>
    <subfield code="4">0</subfield>
    <subfield code="7">0</subfield>
    <subfield code="a">007</subfield>
    <subfield code="b">007</subfield>
    <subfield code="c">GEN</subfield>
    <subfield code="d">2021-11-22</subfield>
    <subfield code="l">0</subfield>
    <subfield code="o">363.34929/DRO</subfield>
    <subfield code="p">LGCLIB00005594</subfield>
    <subfield code="r">2021-11-22 00:00:00</subfield>
    <subfield code="t">C8</subfield>
    <subfield code="w">2021-11-22</subfield>
    <subfield code="y">BOOKS</subfield>
  </datafield>
  <datafield tag="952" ind1=" " ind2=" ">
    <subfield code="0">0</subfield>
    <subfield code="1">0</subfield>
    <subfield code="2">ddc</subfield>
    <subfield code="4">0</subfield>
    <subfield code="7">0</subfield>
    <subfield code="a">007</subfield>
    <subfield code="b">007</subfield>
    <subfield code="c">GEN</subfield>
    <subfield code="d">2021-11-22</subfield>
    <subfield code="l">0</subfield>
    <subfield code="o">363.34929/DRO</subfield>
    <subfield code="p">LGCLIB00005589</subfield>
    <subfield code="r">2021-11-22 00:00:00</subfield>
    <subfield code="t">C9</subfield>
    <subfield code="w">2021-11-22</subfield>
    <subfield code="y">BOOKS</subfield>
  </datafield>
  <datafield tag="952" ind1=" " ind2=" ">
    <subfield code="0">0</subfield>
    <subfield code="1">0</subfield>
    <subfield code="2">ddc</subfield>
    <subfield code="4">0</subfield>
    <subfield code="7">0</subfield>
    <subfield code="a">007</subfield>
    <subfield code="b">007</subfield>
    <subfield code="c">GEN</subfield>
    <subfield code="d">2021-11-22</subfield>
    <subfield code="l">0</subfield>
    <subfield code="o">363.34929/DRO</subfield>
    <subfield code="p">LGCLIB00005591</subfield>
    <subfield code="r">2021-11-22 00:00:00</subfield>
    <subfield code="t">C10</subfield>
    <subfield code="w">2021-11-22</subfield>
    <subfield code="y">BOOKS</subfield>
  </datafield>
  <datafield tag="952" ind1=" " ind2=" ">
    <subfield code="0">0</subfield>
    <subfield code="1">0</subfield>
    <subfield code="2">ddc</subfield>
    <subfield code="4">0</subfield>
    <subfield code="7">0</subfield>
    <subfield code="a">007</subfield>
    <subfield code="b">007</subfield>
    <subfield code="c">GEN</subfield>
    <subfield code="d">2021-11-22</subfield>
    <subfield code="l">0</subfield>
    <subfield code="o">363.34929/DRO</subfield>
    <subfield code="p">LGCLIB00005597</subfield>
    <subfield code="r">2021-11-22 00:00:00</subfield>
    <subfield code="t">C11</subfield>
    <subfield code="w">2021-11-22</subfield>
    <subfield code="y">BOOKS</subfield>
  </datafield>
  <datafield tag="952" ind1=" " ind2=" ">
    <subfield code="0">0</subfield>
    <subfield code="1">0</subfield>
    <subfield code="2">ddc</subfield>
    <subfield code="4">0</subfield>
    <subfield code="7">0</subfield>
    <subfield code="a">007</subfield>
    <subfield code="b">007</subfield>
    <subfield code="c">GEN</subfield>
    <subfield code="d">2021-11-22</subfield>
    <subfield code="l">0</subfield>
    <subfield code="o">363.34929/DRO</subfield>
    <subfield code="p">LGCLIB00005600</subfield>
    <subfield code="r">2021-11-22 00:00:00</subfield>
    <subfield code="t">C12</subfield>
    <subfield code="w">2021-11-22</subfield>
    <subfield code="y">BOOKS</subfield>
  </datafield>
  <datafield tag="952" ind1=" " ind2=" ">
    <subfield code="0">0</subfield>
    <subfield code="1">0</subfield>
    <subfield code="2">ddc</subfield>
    <subfield code="4">0</subfield>
    <subfield code="7">0</subfield>
    <subfield code="a">007</subfield>
    <subfield code="b">007</subfield>
    <subfield code="c">GEN</subfield>
    <subfield code="d">2021-11-22</subfield>
    <subfield code="l">0</subfield>
    <subfield code="o">363.34929/DRO</subfield>
    <subfield code="p">LGCLIB00005610</subfield>
    <subfield code="r">2021-11-22 00:00:00</subfield>
    <subfield code="t">C13</subfield>
    <subfield code="w">2021-11-22</subfield>
    <subfield code="y">BOOKS</subfield>
  </datafield>
  <datafield tag="952" ind1=" " ind2=" ">
    <subfield code="0">0</subfield>
    <subfield code="1">0</subfield>
    <subfield code="2">ddc</subfield>
    <subfield code="4">0</subfield>
    <subfield code="7">0</subfield>
    <subfield code="a">007</subfield>
    <subfield code="b">007</subfield>
    <subfield code="c">GEN</subfield>
    <subfield code="d">2021-11-22</subfield>
    <subfield code="l">0</subfield>
    <subfield code="o">363.34929/DRO</subfield>
    <subfield code="p">LGCLIB00005602</subfield>
    <subfield code="r">2021-11-22 00:00:00</subfield>
    <subfield code="t">C14</subfield>
    <subfield code="w">2021-11-22</subfield>
    <subfield code="y">BOOKS</subfield>
  </datafield>
  <datafield tag="952" ind1=" " ind2=" ">
    <subfield code="0">0</subfield>
    <subfield code="1">0</subfield>
    <subfield code="2">ddc</subfield>
    <subfield code="4">0</subfield>
    <subfield code="7">0</subfield>
    <subfield code="a">007</subfield>
    <subfield code="b">007</subfield>
    <subfield code="c">GEN</subfield>
    <subfield code="d">2021-11-22</subfield>
    <subfield code="l">0</subfield>
    <subfield code="o">363.34929/DRO</subfield>
    <subfield code="p">LGCLIB00005604</subfield>
    <subfield code="r">2021-11-22 00:00:00</subfield>
    <subfield code="t">C15</subfield>
    <subfield code="w">2021-11-22</subfield>
    <subfield code="y">BOOKS</subfield>
  </datafield>
</record>
